000 01200cam a2200313 a 4500
999 _c531959
_d531959
001 13043338
003 NUST
005 20191105103517.0
008 021230s2004 njuab b 001 0 eng
010 _a 2002192987
020 _a0130968072 (alk. paper)
038 _aMSOHAIL
040 _aDLC
_cDLC
_dDLC
050 0 0 _aS623
_b.T76 2004
082 0 0 _a631.45
_221
100 1 _aTroeh, Frederick R.
_925153
245 1 0 _aSoil and water conservation :
_bfor productivity and environmental protection /
_cFrederick R. Troeh, J. Arthur Hobbs, Roy L. Donahue.
250 _a4th ed.
260 _aUpper Saddle River, N.J. :
_bPearson/Education :
_bPrentice Hall,
_cc2004.
300 _axv, 656 p. :
_bill., maps ;
_c25 cm.
504 _aIncludes bibliographical references and index.
650 0 _aSoil conservation.
_96960
650 0 _aWater conservation.
_95903
700 1 _aHobbs, J. Arthur
_q(James Arthur),
_d1914-
_925154
700 1 _aDonahue, Roy Luther,
_d1908-
_925155
906 _a7
_bcbc
_corignew
_d1
_eocip
_f20
_gy-gencatlg
942 _2ddc
_cBK